Mots qui commencent par Poly- - Statistiques

Statistiques générales
  • Ce quiz a été pris 509 fois
  • Le résultat moyen est 9 sur 10
Statistiques - réponses
Hint Réponse % Correct
Document photocopié donné par le
professeur à ses élèves
Polycopié
94%
Régime conjugal caractérisé par
la liaison avec plusieurs conjoints
Polygamie
94%
Multitude d'îles de l'Océan Pacifique Polynésie
94%
Celui qui sait parler plusieurs langues Polyglotte
93%
Type de religion basée sur l'existence
de plusieurs dieux
Polythéisme
93%
Figure géométrique plane Polygone
92%
Matériau léger utilisé pour protéger
un objet dans un emballage
Polystyrène
90%
Se dit de quelqu'un qui maîtrise
plusieurs compétences
Polyvalence
90%
Cyclope ayant été affronté
par Ulysse
Polyphème
87%
Matériau très résistant et peu cher
à fabriquer
Polyuréthane
65%
Aucun quiz correspondant
Distribution des résultats
% des personnes avec chaque résultat
Percentile par nombre de réponses
Votre historique - résultats
Vous n’avez pas pris ce quiz